000 00655nam a22002177a 4500
005 20250402125118.0
010 _aENG-144406
020 _c150.00
035 _aEN-127938
037 _bDBAD
082 _a336
100 _aMishra, Jagannath
_980105
245 _aFinancing of State Plans Problems and Prospects
_cJagannath Mishra
_hEnglish
250 _a1st
260 _aNew Delhi
_bSterling Publishers Private Limited
_c1984
270 _aL-10,Green Park Extension
_bNew Delhi
_e110016
300 _axvi,318p
_c22cm. (Hb)
600 _dJagannath Mishra
_980106
700 _980043
_aR.K.Sinha
942 _2ddc
_cEN
_h336
_mMIS
_e1
999 _c210651
_d210651